00701nam a2200145Ia 4500008004100000100002200041245013600063245011400199260003200313260001400345650001200359856009200371999001900463952007300482160809s9999 xx 000 0 und d aBukhari, Ayman A. 4aThe Awareness of Folic Acid Supplements among Women of Childbearing Age in King Abdulaziz University Hospital, Jeedah, Saudi Arabia cAyman A Bukhari, Osama S Bajouh, Marwa A Aljehani, Nouf J Alzahrani, Amal M AlQahtani and Ahmad MS Almrstani. bJournal of Nursing and Care cJuly 2016 xNURSING uhttp://www.omicsgroup.org/journals/ArchiveJNC/currentissue-nursing-care-open-access.php c300187d300187 001040aCLbCLd2016-08-09l0r2016-08-09 00:00:00w2016-08-09yFOJ